| 000 | 00952nam a2200241 a 4500 | ||
|---|---|---|---|
| 001 | 40620 | ||
| 003 | BD-RjUL | ||
| 005 | 20211209053243.0 | ||
| 008 | 160507s2009 bg ||||| |||| 000 0dben d | ||
| 020 |
_a9789843303578 _c: Tk. 267.00 |
||
| 035 | _a(BD-RjUL)40735 | ||
| 040 |
_aBD-RjUL _bben _cBD-RjUL |
||
| 041 | _aben | ||
| 082 |
_223 _aB 297.09 _bHAM 2009 |
||
| 100 |
_aহক, মো. আজিজুল _9125001 |
||
| 245 |
_aমুসলিম ইতিহাসচর্চার ক্রমবিকাশ / _cমো. আজিজুল হক |
||
| 260 |
_aরাজশাহী : _bসেন্টার ফর ইসলামিক রিসার্চ রাজশাহী, _c২০০৯. |
||
| 300 |
_a২৭২ পৃ.; _c২২ সেমি. |
||
| 504 | _aগ্রন্থপঞ্জি সংযুক্ত | ||
| 650 |
_aইসলাম _xইতিহাস _9125002 |
||
| 650 |
_aIslam _xHistory _9125003 |
||
| 942 |
_2ddc _cBK |
||
| 999 |
_c40620 _d40620 |
||